GETS Theological Seminary Library

政治秩序的起源 : (Record no. 21025)

MARC details
000 -LEADER
fixed length control field 00967nam a2200241Ia 4500
008 - FIXED-LENGTH DATA ELEMENTS--GENERAL INFORMATION
fixed length control field 200826s9999||||xx |||||||||||||| ||und||
020 ## - INTERNATIONAL STANDARD BOOK NUMBER
International Standard Book Number  9787549512805
020 ## - INTERNATIONAL STANDARD BOOK NUMBER
International Standard Book Number 7549512809
041 ## - LANGUAGE CODE
Language code of text/sound track or separate title chi
Language code of original eng
050 ## - LIBRARY OF CONGRESS CALL NUMBER
Classification number JC11
Item number .F8512 2011
100 ## - MAIN ENTRY--PERSONAL NAME
Personal name Fukuyama, Francis
245 #0 - TITLE STATEMENT
Title 政治秩序的起源 :
Remainder of title 从前人类时代到法国大革命 = The origins of the political order /
Statement of responsibility, etc. 弗朗西斯·福山 (Francis Fukuyama) 著; 毛俊杰译 
246 ## - VARYING FORM OF TITLE
Title proper/short title 政治秩序的起源 :
Remainder of title 從前人類時代到法國大革命 = The origins of the political order /
260 ## - PUBLICATION, DISTRIBUTION, ETC.
Place of publication, distribution, etc. 桂林:
Name of publisher, distributor, etc. 广西师范大学出版社,
Date of publication, distribution, etc. 2011
300 ## - PHYSICAL DESCRIPTION
Extent 11,548 p. :
Other physical details map. ;
Dimensions 24 cm.
500 ## - GENERAL NOTE
General note Translation of: The origins of The political order: from prehuman times to The French Revolution.
650 ## - SUBJECT ADDED ENTRY--TOPICAL TERM
Topical term or geographic name entry element Comparative government -- History.
650 ## - SUBJECT ADDED ENTRY--TOPICAL TERM
Topical term or geographic name entry element Democr.
650 ## - SUBJECT ADDED ENTRY--TOPICAL TERM
Topical term or geographic name entry element Order -- History.
700 ## - ADDED ENTRY--PERSONAL NAME
Personal name 弗朗西斯·福山
700 ## - ADDED ENTRY--PERSONAL NAME
Personal name 毛俊杰
Holdings
Withdrawn status Lost status Damaged status Not for loan Home library Current library Shelving location Date acquired Total Checkouts Full call number Barcode Date last seen Price effective from Koha item type
        GETS Theological Seminary Library GETS Theological Seminary Library General Stacks 08/26/2020   JC11 .F8512 2011 00008638 08/26/2020 08/26/2020 Chinese Book
OpacCredits

Contact the Librarian, GETS Library
Email: library@mygets.org









Implemented by GETS Library
(Powered by ETCA Professional Group)
GETS Theological Seminary
412 E. Rowland Street, CA 91723